MARC details
| 000 -LEADER |
| campo de control de longitud fija |
01927nam a22004574 4500 |
| 001 - NÚMERO DE CONTROL |
| campo de control |
197891 |
| 003 - IDENTIFICADOR DE NÚMERO DE CONTROL |
| campo de control |
ES-MaACL |
| 005 - FECHA Y HORA DE LA ÚLTIMA TRANSACCIÓN |
| campo de control |
20251205063031.0 |
| 008 - DATOS DE LONGITUD FIJA--INFORMACIÓN GENERAL |
| campo de control de longitud fija |
251023s2001 sp a ||||o001 0|spa d |
| 017 ## - NÚMERO DE COPYRIGHT O DE DEPÓSITO LEGAL |
| Número de copyright o de depósito legal |
M 34770-2001 |
| Agencia que asigna |
Oficina Depósito Legal Madrid |
| 020 ## - NÚMERO INTERNACIONAL ESTÁNDAR DEL LIBRO |
| Número Internacional Estándar del Libro |
84-8026-974-X |
| 024 7# - IDENTIFICADOR DE OTROS ESTÁNDARES |
| Número estándar o código |
NIPO 181-01-010-3 |
| Fuente del número o código |
nipo |
| 040 ## - FUENTE DE CATALOGACIÓN |
| Centro catalogador/agencia de origen |
SpMaBN |
| Lengua de catalogación |
spa |
| Centro/agencia transcriptor |
SpMaBN |
| Normas de descripción |
rdc |
| 080 ## - NÚMERO DE LA CLASIFICACIÓN DECIMAL UNIVERSAL |
| Número de la Clasificación Decimal Universal |
7.036(064.3) |
| 245 00 - MENCIÓN DEL TÍTULO |
| Título |
Espacio uno III : |
| Mención de responsabilidad, etc. |
[dirección, Rafael Doctor Roncero; fotografías, Joaquín Cortés y José Luis Municio; traducción, Kristine Guzmán] |
| 264 #1 - PRODUCCIÓN, PUBLICACIÓN, DISTRIBUCIÓN, FABRICACIÓN Y COPYRIGHT |
| Producción, publicación, distribución, fabricación y copyright |
Madrid : |
| Nombre del de productor, editor, distribuidor, fabricante |
Museo Nacional Centro de Arte Reina Sofía, |
| Fecha de producción, publicación, distribución, fabricación o copyright |
2001 |
| 300 ## - DESCRIPCIÓN FÍSICA |
| Extensión |
IX, 250, [41] páginas : |
| Otras características físicas |
ilustraciones (color) ; |
| Dimensiones |
23 cm |
| 336 ## - TIPO DE CONTENIDO |
| Fuente |
rdacontent |
| Término de tipo de contenido |
texto |
| 337 ## - TIPO DE MEDIO |
| Fuente |
rdamedia |
| Nombre/término del tipo de medio |
sin mediación |
| 338 ## - TIPO DE SOPORTE |
| Fuente |
rdacarrier |
| Nombre/término del tipo de soporte |
volumen |
| 500 ## - NOTA GENERAL |
| Nota general |
Exposiciones septiembre de 1999-febrero de 2001 |
| 546 ## - NOTA DE IDIOMA |
| Nota de lengua/lenguaje |
Texto en español e inglés |
| 594 ## - NOTA AL TITULO Y MENCION DE RESPONSABILIDAD |
| Nota al título y mención de responsabilidad |
Precede al tít.: Museo Nacional Centro de Arte Reina Sofía |
| 594 ## - NOTA AL TITULO Y MENCION DE RESPONSABILIDAD |
| Nota al título y mención de responsabilidad |
Texto en español e inglés |
| 650 #4 - PUNTO DE ACCESO ADICIONAL DE MATERIA--TÉRMINO DE MATERIA |
| Término de materia o nombre geográfico como elemento de entrada |
Arte |
| Subdivisión cronológica |
S.XX |
| Subdivisión de forma |
Exposiciones |
| 9 (RLIN) |
10140 |
| 700 1# - ENTRADA AGREGADA--NOMBRE PERSONAL |
| Nombre de persona |
Doctor Roncero, Rafael |
| Fechas asociadas al nombre |
1966- |
| 9 (RLIN) |
242425 |
| Término indicativo de función/relación |
Director de publicación |
| 700 1# - ENTRADA AGREGADA--NOMBRE PERSONAL |
| Nombre de persona |
Cortés, Joaquín |
| Término indicativo de función/relación |
Fotógrafo |
| 9 (RLIN) |
242572 |
| 700 1# - ENTRADA AGREGADA--NOMBRE PERSONAL |
| Nombre de persona |
Municio, José Luis |
| Término indicativo de función/relación |
Fotógrafo |
| 9 (RLIN) |
242573 |
| 700 1# - ENTRADA AGREGADA--NOMBRE PERSONAL |
| Nombre de persona |
Guzmán, Kristine |
| Término indicativo de función/relación |
Traductor |
| 9 (RLIN) |
242577 |
| 710 2# - ENTRADA AGREGADA--NOMBRE DE ENTIDAD CORPORATIVA |
| Nombre de entidad corporativa o nombre de jurisdicción como elemento de entrada |
Museo Nacional Centro de Arte Reina Sofía |
| 9 (RLIN) |
147737 |
| Término indicativo de función/relación |
entidad responsable |
| 852 ## - LOCALIZACIÓN |
| Ubicación |
ES-MaACL |
| Ubicación en estantería |
Depósito 1 |
| Número de control de estantería |
A-15844 |
| Encuadernación |
Encuadernación rústica con solapas |
| itemnumber |
206964 |
| 942 ## - ELEMENTOS DE ENTRADA SECUNDARIOS (KOHA) |
| Tipo de ítem Koha |
Libro impreso |
| Suprimir en OPAC |
No |
| 956 ## - LOCALIZACIÓN Y ACCESO ELECTRÓNICOS LOCAL (OCLC) |
| Nombre del host |
2 |
| 980 ## - EQUIVALENCIA O REFERENCIA-CRUZADA-MENCIÓN DE SERIE--NOMBRE DE PERSONA/TÍTULO [LOCAL, CANADÁ] |
| Nombre de persona |
M 34770-2001 |
| -- |
84-8026-974-X |
| -- |
SpMaBN |
| Numeración |
BNALCALA |
| Calificador de atribución |
12/92350 |
| Títulos y otros términos asociados al nombre |
SG_PETANTI |
| 980 ## - EQUIVALENCIA O REFERENCIA-CRUZADA-MENCIÓN DE SERIE--NOMBRE DE PERSONA/TÍTULO [LOCAL, CANADÁ] |
| Nombre de persona |
M 34770-2001 |
| -- |
84-8026-974-X |
| -- |
SpMaBN |
| Numeración |
BNALCALA |
| Calificador de atribución |
AHM/538342 |
| Títulos y otros términos asociados al nombre |
SG_PETANTI |
| 980 ## - EQUIVALENCIA O REFERENCIA-CRUZADA-MENCIÓN DE SERIE--NOMBRE DE PERSONA/TÍTULO [LOCAL, CANADÁ] |
| Nombre de persona |
M 34770-2001 |
| -- |
84-8026-974-X |
| -- |
SpMaBN |
| Numeración |
BNALCALA |
| Calificador de atribución |
DL/1082114 |
| Títulos y otros términos asociados al nombre |
CONSERVACI |